000 00585nam a2200205 4500
001 00027950
005 20260123092857.0
008 260123b ag ||||| |||| 00| 0 spa d
020 _a9505820240
040 _aAR-CcCEOS
_bspa
_cAR-CcCEOS
041 _aspa
080 _a361.7
090 _bKIS
100 1 _aKisnerman, Natalio
_9230
245 _aServicio social de grupo :
_buna respuesta a nuestro tiempo /
_cNatalio Kisnerman
260 _aBuenos Aires :
_bhvmanitas.
300 _a315 p. ;
_c24x15 cm.
655 0 _aliteratura
_919
_bservicio social
942 _2udc
_n0
_cBK
999 _c27960
_d27960